000 00317nam a22001217a 4500
008 230704b xxu||||| |||| 00| 0 eng d
020 _a0465042317
082 _a361.23
_bMUR 1984
245 _aLosing Ground
_bAm,erican Social Policy 1950-1980
260 _bCharles Murray
_c1984
300 _aXII,323p
942 _2ddc
_cBK
999 _c3868
_d3868